[Event "KAZ-ch (Women)"]
[Site "Almaty"]
[Date "2017.04.11"]
[Round "9"]
[White "Karabayeva, Zhanna"]
[Black "Mukhit, Aisezym"]
[Result "0-1"]
[WhiteElo "2066"]
[BlackElo "2016"]
[PlyCount "130"]
[EventDate "2017.04.03"]
[EventType "tourn"]
[EventRounds "9"]
[EventCountry "KAZ"]
[SourceTitle "CBM 177 Extra"]
[Source "ChessBase"]
[SourceDate "2017.04.27"]
[SourceVersion "1"]
[SourceVersionDate "2017.04.27"]
[SourceQuality "1"]

1. e4 d5 2. e5 c5 3. f4 Nc6 4. Nf3 g6 5. Nc3 e6 6. Be2 Bg7 7. Nb5 Bf8 8. d4 a6 9. Na3 cxd4 10. Nxd4 Qa5+ 11. Bd2 Qb6 12. Nb3 h5 13. c3 Nh6 14. Nc2 Nf5 15. Bd3 Bd7 16. Qe2 0-0-0 17. Ne3 Nfe7 18. Nf1 Qc7 19. Be3 Kb8 20. Qf2 Nc8 21. h4 Ka8 22. Nfd2 Be8 23. Nf3 N6e7 24. Nbd4 Nf5 25. Nxf5 gxf5 26. 0-0 Bc6 27. b4 Ba4 28. Rfc1 Qd7 29. Nd4 Rg8 30. Qe2 Rg4 31. b5 axb5 32. Bxb5 Bxb5 33. Nxb5 Be7 34. c4 Rdg8 35. Qd1 Rxg2+ 36. Kf1 d4 37. Bxd4 b6 38. Qf3+ Qb7 39. Qxb7+ Kxb7 40. Rab1 R2g4 41. Nd6+ Nxd6 42. exd6 Rxf4+ 43. Bf2 Bxd6 44. c5 Be7 45. cxb6 Bxh4 46. Rc7+ Kb8 47. Rc2 Rxf2+ 48. Rxf2 Bxf2 49. Kxf2 Rg4 50. Rd1 Kb7 51. Rd7+ Kxb6 52. Rxf7 Kc5 53. Rd7 Ra4 54. Rd2 Ra3 55. Kg2 e5 56. Kh2 f4 57. Kg2 e4 58. Kf1 f3 59. Rh2 Kd4 60. Rxh5 Rxa2 61. Rb5 Ke3 62. Rb1 Kf4 63. Rb4 Kg3 64. Rb1 e3 65. Kg1 Rg2+ 0-1

[Event "KAZ-ch (Women)"]
[Site "Almaty"]
[Date "2017.04.07"]
[Round "5"]
[White "Karabayeva, Zhanna"]
[Black "Nakhbayeva, Guliskhan"]
[Result "0-1"]
[WhiteElo "2066"]
[BlackElo "2304"]
[PlyCount "84"]
[EventDate "2017.04.03"]
[EventType "tourn"]
[EventRounds "9"]
[EventCountry "KAZ"]
[SourceTitle "CBM 177 Extra"]
[Source "ChessBase"]
[SourceDate "2017.04.27"]
[SourceVersion "1"]
[SourceVersionDate "2017.04.27"]
[SourceQuality "1"]

1. e4 e6 2. Nf3 d5 3. Nc3 Nf6 4. e5 Nfd7 5. d4 Be7 6. Bf4 a6 7. h4 c5 8. dxc5 Nc6 9. a3 Nxc5 10. Bd3 b5 11. Ne2 b4 12. Ned4 Nxd4 13. Nxd4 Qb6 14. axb4 Qxb4+ 15. c3 Qxb2 16. 0-0 Bd7 17. Rc1 Bxh4 18. Bb1 Be7 19. c4 0-0 20. cxd5 exd5 21. e6 Nxe6 22. Be5 Qb6 23. Nf5 Bg5 24. Qh5 h6 25. Rc3 Nf4 26. Bxf4 Bxf5 27. Bxg5 Bxb1 28. Be7 Rfe8 29. Qxd5 Bg6 30. Rb3 Qc7 31. Rb7 Qf4 32. Bd6 Qe4 33. Qb3 a5 34. Ba3 a4 35. Qb6 Qd3 36. Bb2 a3 37. Ba1 Rac8 38. Rc7 Rxc7 39. Qxc7 a2 40. Qc6 Rb8 41. Rc1 Rb1 42. Kh2 Qd2 0-1

[Event "KAZ-ch (Women)"]
[Site "Almaty"]
[Date "2017.04.03"]
[Round "1"]
[White "Davletbayeva, Madina"]
[Black "Karabayeva, Zhanna"]
[Result "1-0"]
[WhiteElo "2291"]
[BlackElo "2066"]
[PlyCount "57"]
[EventDate "2017.04.03"]
[EventType "tourn"]
[EventRounds "9"]
[EventCountry "KAZ"]
[SourceTitle "CBM 177 Extra"]
[Source "ChessBase"]
[SourceDate "2017.04.27"]
[SourceVersion "1"]
[SourceVersionDate "2017.04.27"]
[SourceQuality "1"]

1. e4 d5 2. exd5 Nf6 3. d4 Nxd5 4. c4 Nb6 5. Nc3 g6 6. Be3 Bg7 7. h3 0-0 8. Nf3 Nc6 9. Be2 Na5 10. b3 c5 11. Rc1 cxd4 12. Nxd4 e5 13. Ndb5 Bd7 14. 0-0 Nc6 15. Bc5 Re8 16. Bf3 f5 17. Bd5+ Nxd5 18. cxd5 Ne7 19. Nd6 b6 20. Nxe8 Qxe8 21. Bxe7 Qxe7 22. d6 Qf8 23. Nd5 Kh8 24. Ne7 Be6 25. Qe2 Rd8 26. Rfd1 e4 27. Rc7 Be5 28. Nc6 Bxd6 29. Nxd8 1-0

[Event "KAZ-ch (Women)"]
[Site "Almaty"]
[Date "2016.05.05"]
[Round "3"]
[White "Mukhit, Aisezym"]
[Black "Karabayeva, Zhanna"]
[Result "1/2-1/2"]
[WhiteElo "1979"]
[BlackElo "2053"]
[PlyCount "105"]
[EventDate "2016.05.03"]
[EventType "tourn"]
[EventRounds "9"]
[EventCountry "KAZ"]
[SourceTitle "CBM 172 Extra"]
[Source "ChessBase"]
[SourceDate "2016.06.21"]
[SourceVersion "1"]
[SourceVersionDate "2016.06.21"]
[SourceQuality "1"]

1. e4 e5 2. Nf3 Nc6 3. Bc4 Bc5 4. c3 Nf6 5. d3 a6 6. Bb3 d6 7. 0-0 0-0 8. Nbd2 Ba7 9. Re1 h6 10. Nf1 Be6 11. Ng3 Re8 12. Be3 d5 13. Bxa7 Rxa7 14. exd5 Bxd5 15. Bxd5 Qxd5 16. d4 exd4 17. Rxe8+ Nxe8 18. Ne2 Ra8 19. Nexd4 Nf6 20. Nxc6 Qxc6 21. Qb3 Re8 22. h3 Nh5 23. Re1 Rxe1+ 24. Nxe1 Qe4 25. Qd1 Nf4 26. Nf3 Kh7 27. Kh2 Nd3 28. Qc2 f5 29. Kg1 c5 30. c4 b5 31. cxb5 axb5 32. b3 b4 33. Kf1 g5 34. Qe2 Qxe2+ 35. Kxe2 Nc1+ 36. Kd2 Nxa2 37. Kd3 Nc3 38. Ne5 Ne4 39. f3 Nd6 40. Nd7 Kg6 41. Nxc5 g4 42. fxg4 fxg4 43. hxg4 Kg5 44. Na6 Kxg4 45. Nxb4 Kg3 46. Nd5 Kxg2 47. Nf6 Kf3 48. Kd4 Kf4 49. Kd5 Nb5 50. b4 Kf5 51. Ne4 h5 52. Ng3+ Kg4 53. Nxh5 1/2-1/2

[Event "Wch U20 Girls 31st"]
[Site "Kocaeli"]
[Date "2013.09.25"]
[Round "12"]
[White "Karabayeva, Zhanna"]
[Black "Miladinovic, Lena"]
[Result "1-0"]
[WhiteElo "2029"]
[BlackElo "2080"]
[PlyCount "73"]
[EventDate "2013.09.13"]
[EventType "swiss"]
[EventRounds "13"]
[EventCountry "TUR"]
[SourceTitle "CBM 156 Extra"]
[Source "ChessBase"]
[SourceDate "2013.10.22"]
[SourceVersion "1"]
[SourceVersionDate "2013.10.22"]
[SourceQuality "1"]

1. e4 c5 2. Nc3 Nc6 3. Bb5 Nd4 4. Bc4 e6 5. Nge2 Qg5 6. Rg1 a6 7. a4 Bd6 8. d3 Qh4 9. h3 Ne7 10. Be3 Nec6 11. Qd2 h6 12. 0-0-0 b5 13. Ba2 Qd8 14. f4 b4 15. Bxd4 Nxd4 16. Nb1 Nxe2+ 17. Qxe2 Bxf4+ 18. Nd2 Bb7 19. g3 Bxd2+ 20. Rxd2 Qa5 21. Qf3 Qxa4 22. Kb1 Qc6 23. Rf2 0-0 24. g4 g6 25. h4 Qd6 26. Rgf1 Qe7 27. Qe3 Kg7 28. e5 Rac8 29. Rf6 d5 30. exd6 Qxd6 31. h5 Qd4 32. Rxf7+ Rxf7 33. Rxf7+ Kg8 34. Qxe6 Kh8 35. Rh7+ Kxh7 36. Qxg6+ Kh8 37. Qxh6# 1-0

[Event "Wch U20 Girls 31st"]
[Site "Kocaeli"]
[Date "2013.09.24"]
[Round "11"]
[White "Assaubayeva, Bibissara"]
[Black "Karabayeva, Zhanna"]
[Result "0-1"]
[WhiteElo "1761"]
[BlackElo "2029"]
[PlyCount "112"]
[EventDate "2013.09.13"]
[EventType "swiss"]
[EventRounds "13"]
[EventCountry "TUR"]
[SourceTitle "CBM 156 Extra"]
[Source "ChessBase"]
[SourceDate "2013.10.22"]
[SourceVersion "1"]
[SourceVersionDate "2013.10.22"]
[SourceQuality "1"]

1. d4 f5 2. Nf3 Nf6 3. c4 g6 4. Nc3 Bg7 5. e3 d6 6. Be2 0-0 7. 0-0 c6 8. b4 Qc7 9. Bb2 h6 10. c5 d5 11. Ne5 Kh7 12. f4 Be6 13. a4 Nbd7 14. Nd3 Ne4 15. Qe1 b6 16. Rc1 Rab8 17. Ba3 a6 18. cxb6 Qxb6 19. Nxe4 dxe4 20. Nc5 Nxc5 21. Rxc5 Rfc8 22. Qc3 Bd5 23. Rc1 g5 24. Rf1 e6 25. Ra5 Ra8 26. Kh1 Bf8 27. fxg5 hxg5 28. Qb2 Kg6 29. Rc1 Bd6 30. g3 Rh8 31. Rg1 Rh7 32. Rg2 Re7 33. Qc3 Ree8 34. Rc5 Bxc5 35. dxc5 Qc7 36. Bb2 e5 37. Qd2 a5 38. Qd1 Reb8 39. b5 Qe7 40. h4 Rd8 41. Qf1 g4 42. h5+ Kg5 43. Rf2 Qe6 44. Qa1 Re8 45. Rh2 Bc4 46. Qf1 Bxe2 47. Qxe2 cxb5 48. axb5 a4 49. h6 a3 50. Ba1 Rh8 51. b6 Rac8 52. Qc2 Qd5 53. Rd2 Qxc5 54. Qd1 Rxh6+ 55. Kg2 Rch8 56. Qg1 Rh1 0-1

[Event "KAZ-ch (Women)"]
[Site "Astana"]
[Date "2012.04.09"]
[Round "4"]
[White "Khasanova, Flyura"]
[Black "Karabayeva, Zhanna"]
[Result "1-0"]
[WhiteElo "2315"]
[BlackElo "2060"]
[PlyCount "139"]
[EventDate "2012.04.06"]
[EventType "swiss"]
[EventRounds "9"]
[EventCountry "KAZ"]
[SourceTitle "CBM 148 Extra"]
[Source "ChessBase"]
[SourceDate "2012.06.22"]
[SourceVersion "1"]
[SourceVersionDate "2012.06.22"]
[SourceQuality "1"]

1. e4 c5 2. Nf3 d6 3. d4 cxd4 4. Nxd4 Nf6 5. f3 e5 6. Bb5+ Bd7 7. Bxd7+ Qxd7 8. Nf5 h6 9. c4 Nc6 10. Nc3 g6 11. Ne3 Be7 12. 0-0 Nh5 13. Ned5 f5 14. Be3 f4 15. Bf2 0-0 16. Nxe7+ Qxe7 17. Nb5 Rfd8 18. Qd5+ Kh7 19. Rfd1 Nf6 20. Qd2 Ne8 21. Rac1 g5 22. a3 Qg7 23. Qe2 a6 24. Nc3 h5 25. h3 Nf6 26. Nd5 Rac8 27. b4 Ne7 28. Nxf6+ Qxf6 29. Rc2 Qe6 30. Bb6 Rd7 31. Bf2 Kg7 32. Rdc1 Rcd8 33. a4 Kf7 34. a5 Nc6 35. Bb6 Rc8 36. b5 Nb8 37. Ba7 Rdd8 38. Bb6 Re8 39. Bf2 Nd7 40. Rd1 Nc5 41. Rcd2 axb5 42. cxb5 Nb3 43. Rxd6 Qc4 44. Qxc4+ Rxc4 45. a6 bxa6 46. bxa6 Ra4 47. a7 Nd4 48. Bxd4 exd4 49. Rd7+ Re7 50. R1xd4 Rxa7 51. R7d5 Ra1+ 52. Kh2 g4 53. Rf5+ Ke6 54. fxg4 hxg4 55. hxg4 Rh7+ 56. Rh5 Rg7 57. g5 Ke5 58. Rb4 Rg6 59. Rh6 Rg7 60. g6 Kf6 61. Rb5 Re1 62. Rf5+ Ke6 63. Rxf4 Ke5 64. Kg3 Re3+ 65. Kg4 Ke6 66. Kh5 Re1 67. Kg5 Rg1 68. g4 Ke5 69. Rf7 Rg8 70. g7 1-0

[Event "KAZ-ch (Women)"]
[Site "Kostanay"]
[Date "2010.04.26"]
[Round "9"]
[White "Zhylkaidarova, Sholpan"]
[Black "Karabayeva, Zhanna"]
[Result "1-0"]
[WhiteElo "1919"]
[BlackElo "1971"]
[PlyCount "36"]
[EventDate "2010.04.18"]
[EventType "swiss"]
[EventRounds "9"]
[EventCountry "KAZ"]
[SourceTitle "EXT 2013"]
[Source "ChessBase"]
[SourceDate "2012.11.22"]
[SourceVersion "1"]
[SourceVersionDate "2012.11.22"]
[SourceQuality "1"]

1. d4 Nf6 2. c4 g6 3. Nc3 Bg7 4. e4 d6 5. Be2 0-0 6. Nf3 Nbd7 7. 0-0 e5 8. Be3 c6 9. d5 c5 10. Ne1 a5 11. Kh1 Ne8 12. g4 Kh8 13. Qd2 Qe7 14. Rg1 f5 15. gxf5 gxf5 16. exf5 Ndf6 17. Nf3 Bxf5 18. Ng5 Nc7 1-0

[Event "Wch U16 Girls"]
[Site "Kemer"]
[Date "2009.11.20"]
[Round "9"]
[White "Karabayeva, Zhanna"]
[Black "Dudas, Szilvia"]
[Result "1-0"]
[WhiteElo "1994"]
[BlackElo "1820"]
[PlyCount "64"]
[EventDate "2009.11.12"]
[EventType "swiss"]
[EventRounds "11"]
[EventCountry "TUR"]
[SourceTitle "EXT 2010"]
[Source "ChessBase"]
[SourceDate "2010.11.25"]
[SourceVersion "1"]
[SourceVersionDate "2010.11.25"]
[SourceQuality "1"]

1. e4 e5 2. Nf3 Nc6 3. Bb5 a6 4. Ba4 Nf6 5. 0-0 Nxe4 6. d4 b5 7. Bb3 d5 8. dxe5 Be6 9. c3 Bc5 10. Nbd2 0-0 11. h3 Nxf2 12. Rxf2 f6 13. Nf1 Bxf2+ 14. Kxf2 fxe5 15. Kg1 h6 16. Ne3 e4 17. Nd4 Nxd4 18. Qxd4 c6 19. Bd2 Rf6 20. Ng4 Bxg4 21. hxg4 Re6 22. Rd1 Qe7 23. a4 Rd8 24. Be3 Qh4 25. Qd2 Rde8 26. Qe2 Rf8 27. Rd2 Ref6 28. Bd1 Kh7 29. a5 Rg6 30. b3 Rd6 31. Bc5 Rfd8 32. Bxd6 Rxd6 1-0

[Event "Wch U16 Girls"]
[Site "Kemer"]
[Date "2009.11.16"]
[Round "5"]
[White "Karabayeva, Zhanna"]
[Black "Shmarina, Daria"]
[Result "0-1"]
[WhiteElo "1994"]
[BlackElo "1809"]
[PlyCount "81"]
[EventDate "2009.11.12"]
[EventType "swiss"]
[EventRounds "11"]
[EventCountry "TUR"]
[SourceTitle "EXT 2010"]
[Source "ChessBase"]
[SourceDate "2010.11.25"]
[SourceVersion "1"]
[SourceVersionDate "2010.11.25"]
[SourceQuality "1"]

1. e4 c6 2. d4 d5 3. Nc3 dxe4 4. Nxe4 Nd7 5. Ng5 Ngf6 6. Bd3 e6 7. N1f3 Bd6 8. Qe2 h6 9. Ne4 Nxe4 10. Qxe4 Qc7 11. 0-0 b6 12. Qg4 Kf8 13. b3 g5 14. Qh3 Kg7 15. Bb2 Nf6 16. Ne5 Nd5 17. g3 h5 18. Rae1 f6 19. f4 fxe5 20. fxg5 Bd7 21. dxe5 Bc5+ 22. Kh1 Raf8 23. Rf6 Qc8 24. Qh4 Nb4 25. Be4 Be8 26. a3 Nd5 27. Bd3 b5 28. g6 Be7 29. Ref1 Qd8 30. g4 hxg4 31. Qf2 g3 32. Qxa7 Rxh2+ 33. Kg1 Qb6+ 34. Qxb6 Nxb6 35. Bd4 Nd5 36. Rxe6 c5 37. c4 cxd4 38. cxd5 Bg5 39. Rxf8 Kxf8 40. Be4 d3 41. b4 0-1

[Event "Wch U16 Girls"]
[Site "Kemer"]
[Date "2009.11.13"]
[Round "3"]
[White "Karabayeva, Zhanna"]
[Black "Kagramanov, Dalia"]
[Result "0-1"]
[WhiteElo "1994"]
[BlackElo "1835"]
[PlyCount "112"]
[EventDate "2009.11.12"]
[EventType "swiss"]
[EventRounds "11"]
[EventCountry "TUR"]
[SourceTitle "EXT 2010"]
[Source "ChessBase"]
[SourceDate "2010.11.25"]
[SourceVersion "1"]
[SourceVersionDate "2010.11.25"]
[SourceQuality "1"]

1. e4 d5 2. exd5 Nf6 3. Nc3 Nxd5 4. Nxd5 Qxd5 5. d4 Nc6 6. Be3 g6 7. h3 Bg7 8. Nf3 0-0 9. Be2 Bf5 10. 0-0 Qd6 11. c3 Rfd8 12. Qc1 e5 13. dxe5 Nxe5 14. Nxe5 Bxe5 15. f4 Bf6 16. Bf3 c6 17. Qe1 Qe6 18. Bf2 Qc4 19. Be2 Qe4 20. g4 Be6 21. Bg3 Qc2 22. Rc1 Qxb2 23. f5 gxf5 24. gxf5 Bxa2 25. Bc7 Re8 26. Qg3+ Kh8 27. Bg4 Rg8 28. Be5 Qb6+ 29. Kh2 c5 30. Rcd1 Bxe5 31. Qxe5+ f6 32. Qe2 Bb3 33. Rd7 Rae8 34. Qd2 Rd8 35. Rxd8 Qxd8 36. Qf4 Qe7 37. Bf3 b5 38. Bc6 a6 39. Kh1 Bc2 40. Bd5 Re8 41. Be6 Qb7+ 42. Kh2 Qb8 43. Qxb8 Rxb8 44. Ra1 Ra8 45. Bd5 Ra7 46. Rg1 h5 47. Rg6 Bxf5 48. Rxf6 Bc2 49. Rc6 c4 50. Rb6 Kg7 51. Bc6 Bd3 52. Kg3 a5 53. Rxb5 a4 54. Rb2 a3 55. Ra2 Bb1 56. Ra1 a2 0-1

[Event "Wch U14 Girls"]
[Site "Kemer"]
[Date "2007.11.25"]
[Round "8"]
[White "Lefevre, Margaux"]
[Black "Karabayeva, Zhanna"]
[Result "1-0"]
[WhiteElo "1944"]
[BlackElo "2013"]
[PlyCount "153"]
[EventDate "2007.11.18"]
[EventType "swiss"]
[EventRounds "11"]
[EventCountry "TUR"]
[SourceTitle "CBM 121 Extra"]
[Source "ChessBase"]
[SourceDate "2008.01.10"]
[SourceVersion "1"]
[SourceVersionDate "2008.01.10"]
[SourceQuality "1"]

1. e4 c5 2. Nf3 Nc6 3. d4 cxd4 4. Nxd4 g6 5. c4 Bg7 6. Be3 Nf6 7. Nc3 Ng4 8. Qxg4 Nxd4 9. Qd1 Ne6 10. Rc1 Qa5 11. Bd3 d6 12. Qd2 g5 13. Bb1 Bd7 14. 0-0 Qe5 15. Rfd1 Bc6 16. b4 b6 17. Nd5 Rd8 18. g3 g4 19. Qe2 Qh5 20. Qd2 Rd7 21. Bc2 0-0 22. a4 Bxd5 23. Qxd5 Be5 24. a5 bxa5 25. Qxa5 Qh3 26. c5 Rc7 27. Bb3 Rfc8 28. Qa2 Nd8 29. cxd6 exd6 30. Rxc7 Rxc7 31. Qa5 Rc8 32. Qxa7 Qh5 33. Qd7 Rb8 34. Ba7 Rxb4 35. Qxd8+ Kg7 36. Bd5 Qg6 37. Be3 h6 38. Qa5 Rb2 39. Qe1 Qf6 40. Rb1 Bc3 41. Qd1 Qf3 42. Qc1 Kg6 43. Rxb2 Bxb2 44. Qc2 Be5 45. Bc4 h5 46. Be2 Qf6 47. Qc8 Kg7 48. h3 Qg6 49. hxg4 Qxe4 50. Qf5 Qb4 51. gxh5 Qe1+ 52. Bf1 Kf8 53. Kg2 Qc3 54. h6 Qc6+ 55. Kh3 Qh1+ 56. Kg4 Qxf1 57. Qc8+ Ke7 58. Qc2 Qb5 59. f4 Qd7+ 60. Qf5 Qa4 61. Kg5 Bh8 62. Qd5 Bf6+ 63. Kh5 Qd7 64. f5 Be5 65. g4 Qc8 66. Qb3 Qc6 67. Qd1 Qg2 68. Bg5+ f6 69. Bh4 Bf4 70. Qe1+ Be5 71. Qc1 Qb7 72. Qc4 d5 73. Qc5+ Ke8 74. Be1 d4 75. Bb4 Qf7+ 76. Kh4 Qb3 77. Qe7# 1-0

[Event "Wch U12 Girls"]
[Site "Belfort"]
[Date "2005.07.26"]
[Round "9"]
[White "Smolkina, Milana"]
[Black "Karabayeva, Zhanna"]
[Result "1/2-1/2"]
[WhiteElo "1732"]
[BlackElo "1599"]
[PlyCount "85"]
[EventDate "2005.07.19"]
[EventType "swiss"]
[EventRounds "11"]
[EventCountry "FRA"]
[SourceTitle "CBM 107 Extra"]
[Source "ChessBase"]
[SourceDate "2005.09.01"]
[SourceVersion "1"]
[SourceVersionDate "2005.09.01"]
[SourceQuality "1"]

1. e4 c5 2. Nf3 Nc6 3. d4 cxd4 4. Nxd4 g6 5. Nc3 Bg7 6. Be3 Nf6 7. f4 0-0 8. e5 Ne8 9. Qf3 a6 10. 0-0-0 Qc7 11. Nd5 Qd8 12. Nxc6 bxc6 13. Bb6 Nc7 14. Bxc7 Qe8 15. Nb4 Bb7 16. Ba5 Qc8 17. Qa3 c5 18. Nd5 Bxd5 19. Rxd5 d6 20. exd6 exd6 21. Rxd6 Qf5 22. g3 Qe4 23. Rg1 Bd4 24. Rg2 Rab8 25. c4 Be3+ 26. Bd2 Qf3 27. Qd3 Rfe8 28. Bxe3 Rxe3 29. Qd1 Qe4 30. Rd8+ Rxd8 31. Qxd8+ Kg7 32. Rd2 Re1+ 33. Rd1 Rxf1 34. Rxf1 Qxc4+ 35. Kd2 Qxf1 36. Qd3 Qg2+ 37. Qe2 Qd5+ 38. Kc2 Qc6 39. Qe5+ Kg8 40. Qb8+ Kg7 41. Qe5+ Kg8 42. Kc3 Qb5 43. Kc2 1/2-1/2